Statistics for Capitals of Caribbean Islands

Click here to take the quiz!

General Stats

  • This quiz has been taken 17 times
  • The average score is 9 of 13

Answer Stats

Answer% Correct
Havana
93%
Kingston
87%
Kingstown
87%
Port au Prince
87%
Roseau
80%
Nassau
73%
Port of Spain
73%
Castries
67%
Saint Johns
67%
Basseterre
60%
Bridgetown
60%
Saint Georges
60%
Saint Domingue
0%

Score Distribution

Percentile by Number Answered

Percent of People with Each Score

Your Score History

You have not taken this quiz